| 000 | 01441cam a2200409 i 4500 | ||
|---|---|---|---|
| 001 | 200443963 | ||
| 999 |
_c200443963 _d62175 |
||
| 003 | TR-AnTOB | ||
| 005 | 20240814073634.0 | ||
| 007 | ta | ||
| 008 | 070222s2000 tu b 000 0 tur d | ||
| 020 | _a9758112260 | ||
| 020 | _a9789758112265 | ||
| 040 |
_aBGZ _beng _erda _cBGZ _dSULEY _dTR-AnTOB |
||
| 041 | 0 | _atur | |
| 050 | 0 | 0 |
_aJS6953.A2 _b A33 2000 |
| 090 |
_aJS6953.A2 _b A33 2000 |
||
| 100 | 1 |
_aAdaman, Fikret _eauthor _924814 |
|
| 245 | 1 | 0 |
_aTürkiye'de yerel ve merkezi yönetimlerde hizmetlerden tatmin, patronaj ilişkileri ve reform / _cFikret Adaman, Ali Çarkoğlu. |
| 246 | 3 | 0 | _aDevlet reformu |
| 264 | 1 |
_aİstanbul: _bTürkiye Ekonomik ve Sosyal Etüdler Vakfı, _c2000. |
|
| 300 |
_a195 pages : _btables, graphs ; _c24 cm |
||
| 336 |
_2rdacontent _atext _btxt |
||
| 337 |
_2rdamedia _aunmediated _bn |
||
| 338 |
_2rdacarrier _avolume _bnc |
||
| 490 | 0 |
_aTESEV yayınları ; _v17. |
|
| 500 | _a"Foreword and summary in English." | ||
| 650 | 7 |
_aBelediye yönetimi _zTürkiye _2etuturkob _981362 |
|
| 650 | 7 |
_aKamu yönetimi _zTürkiye _2etuturkob _99440 |
|
| 650 | 0 |
_aMahalli idareler _zTürkiye _9134761 |
|
| 651 | 7 |
_aTürkiye _xSiyaset ve yönetim _2 _9120128 |
|
| 700 | 1 |
_aÇarkoğlu, Ali, _d1963- _eauthor _922255 |
|
| 710 | 2 |
_aTürkiye Ekonomik ve Sosyal Etüdler Vakfı _950720 |
|
| 710 | 2 |
_aEuropean Union _9119877 |
|
| 942 |
_2lcc _cBK |
||